| 000 | 00739nam a2200205 a 4500 | ||
|---|---|---|---|
| 001 | 000013838 | ||
| 005 | 20200929163352.0 | ||
| 008 | 091130s19uu dr 000 0 spa d | ||
| 040 |
_aDO-SdBNP _bspa _cBNPHU |
||
| 082 |
_a344.729302 _bR426L, [19--] |
||
| 110 | 1 |
_aRepública Dominicana _9447 |
|
| 240 | 1 | 3 | _a[Leyes, etc.] |
| 245 | 1 | 0 | _aLey num. 1896, sobre seguros sociales con sus enmiendas y disposiciones afines. |
| 260 |
_aSanto Domingo : _bIDSS, _c[19--]. |
||
| 300 |
_a101 p. ; _c25 cm. |
||
| 590 | _aInventariado,2018/DG | ||
| 650 | 4 |
_aSeguridad social _xLegislación _zRepública Dominicana _914351 |
|
| 710 | 2 | 2 |
_aInstituto Dominicano de Seguros Sociales (República Dominicana) _931343 |
| 910 | _aValidado. Control de calidad MFF | ||
| 999 |
_c13449 _d13449 |
||